|
|
|
|
| LEADER |
00000cam a2200000 c 4500 |
| 001 |
243177240 |
| 003 |
DE-627 |
| 005 |
20260206202725.0 |
| 007 |
tu |
| 008 |
980427s1998 gw ||||| 00| ||ger c |
| 015 |
|
|
|a 98,N19,0345
|2 dnb
|
| 015 |
|
|
|a 98,A37,0737
|2 dnb
|
| 016 |
7 |
|
|a 953431835
|2 DE-101
|
| 020 |
|
|
|a 3890732445
|c : DM 38.00, sfr 35.00, S 277.00 (kart.)
|9 3-89073-244-5
|
| 035 |
|
|
|a (DE-627)243177240
|
| 035 |
|
|
|a (DE-603)056927428
|
| 035 |
|
|
|a (DE-576)065832353
|
| 035 |
|
|
|a (DE-599)DNB953431835
|
| 035 |
|
|
|a (OCoLC)845061710
|
| 035 |
|
|
|a (OCoLC)75928245
|
| 040 |
|
|
|a DE-627
|b ger
|c DE-627
|e rakwb
|
| 041 |
|
|
|a ger
|
| 044 |
|
|
|c XA-DE
|
| 084 |
|
|
|a 33
|a 11
|a 10
|a 19
|2 sdnb
|
| 084 |
|
|
|a PJ 2300
|2 rvk
|0 (DE-625)rvk/136656:
|
| 084 |
|
|
|a BK 6130
|2 rvk
|0 (DE-625)rvk/11927:
|
| 245 |
0 |
0 |
|a Beihilfe zum Suizid
|b ein Weg im Streit um Sterbehilfe?
|c Günther Ritzel (Hrsg.)
|
| 263 |
|
|
|a brosch. : DM 38.00, sfr 35.00, S 277.00
|
| 264 |
|
1 |
|a Regensburg
|b Roderer
|c 1998
|
| 300 |
|
|
|a 108 S
|b graph. Darst.
|c 21 cm
|
| 336 |
|
|
|a Text
|b txt
|2 rdacontent
|
| 337 |
|
|
|a ohne Hilfsmittel zu benutzen
|b n
|2 rdamedia
|
| 338 |
|
|
|a Band
|b nc
|2 rdacarrier
|
| 500 |
|
|
|a Literaturverz. S. 104 - 106
|
| 583 |
1 |
|
|a Archivierung prüfen
|c 20240324
|f DE-4165
|z 3
|2 pdager
|
| 650 |
|
0 |
|a Suicide
|
| 650 |
0 |
7 |
|0 (DE-588)4077877-0
|0 (DE-627)10440051X
|0 (DE-576)209206535
|a Sterbehilfe
|2 gnd
|
| 655 |
|
7 |
|a Konferenzschrift
|y 1997
|z Hannover
|0 (DE-588)1071861417
|0 (DE-627)826484824
|0 (DE-576)433375485
|2 gnd-content
|
| 689 |
0 |
0 |
|d s
|0 (DE-588)4077877-0
|0 (DE-627)10440051X
|0 (DE-576)209206535
|a Sterbehilfe
|2 gnd
|
| 689 |
0 |
|
|5 DE-101
|
| 689 |
1 |
0 |
|d s
|0 (DE-588)4077877-0
|0 (DE-627)10440051X
|0 (DE-576)209206535
|a Sterbehilfe
|2 gnd
|
| 689 |
1 |
|
|5 (DE-627)
|
| 700 |
1 |
|
|a Ritzel, Günther
|e Hrsg.
|4 edt
|
| 856 |
4 |
2 |
|u https://swbplus.bsz-bw.de/bsz065832353inh.htm
|m V:DE-576
|v 2008-08-14
|3 Inhaltsverzeichnis
|7 1
|
| 856 |
4 |
2 |
|u http://scans.hebis.de/HEBCGI/show.pl?05692742_toc.pdf
|m V:DE-576
|q application/pdf
|3 Inhaltsverzeichnis
|7 1
|
| 935 |
|
|
|a mteo
|a mkri
|
| 935 |
|
|
|i Blocktest
|
| 936 |
r |
v |
|a PJ 2300
|b Selbstmord, Sterbehilfe (Euthanasie), Recht auf Leben
|k Rechtswissenschaft
|k Medizinrecht (Biorecht, Recht des Gesundheitswesens, Arzneimittel- und Medizinproduktrecht, Medizinstrafrecht, Apothekenrecht)
|k Ethisch-rechtliche Fragen zum Medizin- und Biorecht
|k Selbstmord, Sterbehilfe (Euthanasie), Recht auf Leben
|0 (DE-627)1448227763
|0 (DE-625)rvk/136656:
|0 (DE-576)378227769
|
| 936 |
r |
v |
|a BK 6130
|b Angriff auf das Leben (Mord, Selbstmord, Euthanasie)
|k Theologie und Religionswissenschaften
|k Theologische Ethik/Moraltheologie
|k Spezielle Moraltheologie/Spezielle Ethik
|k Verantwortung für Leib und Leben
|k Angriff auf das Leben (Mord, Selbstmord, Euthanasie)
|0 (DE-627)127070916X
|0 (DE-625)rvk/11927:
|0 (DE-576)20070916X
|
| 936 |
s |
n |
|a b100
|2 mzub
|
| 936 |
s |
n |
|a w200
|2 mzub
|
| 936 |
s |
n |
|a c200
|2 mzub
|
| 936 |
s |
n |
|a c100
|2 mzub
|
| 936 |
s |
n |
|a p100
|2 mzub
|
| 951 |
|
|
|a BO
|
| ELC |
|
|
|b 1
|
| LOK |
|
|
|0 000 xxxxxcx a22 zn 4500
|
| LOK |
|
|
|0 001 3247285342
|
| LOK |
|
|
|0 003 DE-627
|
| LOK |
|
|
|0 004 243177240
|
| LOK |
|
|
|0 005 19980622000000
|
| LOK |
|
|
|0 008 980518||||||||||||||||ger|||||||
|
| LOK |
|
|
|0 040
|a DE-Frei85
|c DE-627
|d DE-Frei85
|
| LOK |
|
|
|0 852
|a DE-Frei85
|
| LOK |
|
|
|0 852 1
|m p
|9 00
|
| LOK |
|
|
|0 938
|k p
|
| LOK |
|
|
|0 939
|a 18-05-98
|b l01
|
| ORI |
|
|
|a SA-MARC-krimdoka001.raw
|
| TIM |
|
|
|a 100019970101_100019971231
|b 1997 - 1997
|